=LDR 00000nam 2200000 4500 =001 INLIS000000000027688 =005 20130612130037 =008 ***********************************ind** =035 ##$$0010-061300000027688 =041 ##$$a ind =082 ##$$a 2x5.4 =090 ##$$a 2x5.4, JAW k =100 ##$$a Jawas, Yazid bin Abdul Qadir =245 ##$$a Kumpulan do'a dari al-Qur'an dan as-Sunnah yang shahih, Yazid bin Abdul Qadir Jawaz =260 ##$$a 2005 $b Bogor =300 ##$$a xxviii, 218 hlm., 17 cm =650 ##$$a Do'a dan Wirid =850 ##$$a NBPNMAT